Keyboard Alphabet - Statistics

General Stats
  • This quiz has been taken 79 times
  • The average score is 23 of 26
Answer Stats
Letter % Correct
Q
100%
E
96%
W
96%
I
94%
R
94%
T
94%
U
94%
Y
94%
O
92%
P
90%
A
88%
D
88%
F
88%
G
88%
H
88%
J
88%
S
88%
K
86%
L
86%
C
78%
X
78%
Z
78%
B
76%
N
76%
V
76%
M
75%
No matching quizzes found
Score Distribution
Percent of People with Each Score
Percentile by Number Answered
Your Score History
You have not taken this quiz